000
00272nam a22001217a 4500
999
_c
167805
_d
167805
082
_a
_b
100
_a
Shukla Bhasker A
245
_a
Modernism and post modernism/
_c
by Shukla Bhasker A
260
_a
_b
Sunrise,
_c
2008.
300
_a
200p.
650
_a
942
_c
BK